ბათუმის შოთა რუსთაველის სახელმწიფო უნივერსიტეტის ბიბლიოთეკა

ნიკო ნიკოლაძის პედაგოგიური იდეები / (ბიბ.ჩანაწერი № 38009)

000 -ლიდერი
ფიქსირებული სიგრძის საკონტროლო ველი 00972nam a2200241Ia 4500
001 - საკონტროლო ნომერი
საკონტროლო ველი 3994
003 - საკონტროლო ნომრის იდენტიფიკატორი
საკონტროლო ველი GE_BSU
005 - ბოლო ოპერაციის თარიღი და დრო
საკონტროლო ველი 20190902165356.0
008 - ფიქსირებული სიგრძის მონაცემთა ელემენტები - ზოგადი ინფორმაცია
ფიქსირებული სიგრძის საკონტროლო ველი 181216s1971||||ge |||||||||||||| ||geo||
040 ## - კატალოგიზაციის წყარო
Transcribing agency GE_BSU
041 ## - ენის კოდი
Language code of text/sound track or separate title geo
080 ## - უნივერსალური ათობითი კლასიფიკაციის ინდექსი
Universal Decimal Classification number 37.01(479.22) ზ–26
100 ## - მთავარი ჩანაწერი - პიროვნების სახელი
Personal name ზამბახიძე, ვლ.
9 (RLIN) 3864
245 ## - ცნობა სათაურის შესახებ
Title ნიკო ნიკოლაძის პედაგოგიური იდეები /
Statement of responsibility, etc რედ. ე. სარჯველაძე.
245 ## - ცნობა სათაურის შესახებ
Remainder of title მე-2 გამოცემა.
264 ## - წარმოების, გამოცემის, დისტრიბუციის და სხვა ცნობები
გამოცემის, წარმოების, დისტრიბუციის... ადგილი თბ. :
გამოცემის, წარმოების, დისტრიბუციის... სახელწოდება განათლება,
გამოცემის, წარმოების, დისტრიბუციის... თარიღი 1971.
300 ## - ფიზიკური აღწერა
Extent 230 გვ. ;
Other physical details 22 სმ.
600 ## - SUBJECT ADDED ENTRY--PERSONAL NAME
Personal name ნიკოლაძე ნიკო
9 (RLIN) 3865
653 ## - INDEX TERM--UNCONTROLLED
Uncontrolled term ნიკოლაძე ნიკო
653 ## - INDEX TERM--UNCONTROLLED
Uncontrolled term ქართული პედაგოგიური აზრის ისტორია
700 ## - ADDED ENTRY--PERSONAL NAME
Personal name სარჯველაძე, ე.
Relator term რედაქტორი
9 (RLIN) 3866
942 ## - ADDED ENTRY ELEMENTS (KOHA)
Koha item type წიგნი
Source of classification or shelving scheme
ეგზემპლარები
ჩამოწერის სტატუსი დაკარგული ეგზემპლარის სტატუსი კლასიფიკაციის წყარო ან თაროზე გაწყობის სქემა დაზიანების სტატუსი არ გაიცემა მუდმივი მდებარეობა (დაცვის ადგილი) ამჟამინდელი ადგილსამყოფელი თაროზე განთავსების ადგილი შეძენის თარიღი ღირებულება, შესყიდვის ნორმალური ფასი სრული შენახვის შიფრი შტრიხკოდი ბოლო ოპერაციის თარიღი ეგზემპლარის მიმდევრობითი ნომერი (კეტერი?) ფასის ძალაში შესვლის თარიღი ეგზემპლარის სახეობა საჯარო შენიშვნა
          ბათუმის შოთა რუსთაველის სახელმწიფო უნივერსიტეტის მთავარი ბიბლიოთეკა ბათუმის შოთა რუსთაველის სახელმწიფო უნივერსიტეტის მთავარი ბიბლიოთეკა წიგნსაცავი 2018-12-17 2.00 37.01(479.22) ზ–26 5565 2018-12-17 5565 2018-12-17 წიგნი 2 ლ.